000 00336nam a22001457a 4500
003 OSt
005 20241023145510.0
008 241021b |||||||| |||| 00| 0 eng d
040 _aChap
_cChap
245 _aRedalyc
264 _bRedalyc
856 _uhttps://www.redalyc.org/
_yACCESO ABIERTO
942 _2local
942 _cITEMRECELE
999 _c220220
_d220220